000 00214nam a22000857a 4500
008 160816b xxu||||| |||| 00| 0 eng d
100 _9138
_aEgmont
245 _aTintin Lake of Sharks
260 _aUK
_bG.B publication
_c2011
999 _c2793
_d2793